MARC details
| 000 -LEADER |
| fixed length control field |
02443cam a2200457 i 4500 |
| 001 - CONTROL NUMBER |
| control field |
GVRL60F0 |
| 003 - CONTROL NUMBER IDENTIFIER |
| control field |
MiFhGG |
| 005 - DATE AND TIME OF LATEST TRANSACTION |
| control field |
20250820004434.0 |
| 006 - FIXED-LENGTH DATA ELEMENTS--ADDITIONAL MATERIAL CHARACTERISTICS |
| fixed length control field |
m o d |
| 007 - PHYSICAL DESCRIPTION FIXED FIELD--GENERAL INFORMATION |
| fixed length control field |
cr un ---uuuua |
| 008 - FIXED-LENGTH DATA ELEMENTS--GENERAL INFORMATION |
| fixed length control field |
200911t20212021orua ob 001 0 eng d |
| 020 ## - INTERNATIONAL STANDARD BOOK NUMBER |
| International Standard Book Number |
9781564848642 |
| Qualifying information |
(electronic book) |
| 020 ## - INTERNATIONAL STANDARD BOOK NUMBER |
| Canceled/invalid ISBN |
9781564848659 |
| Qualifying information |
(paperback) |
| 020 ## - INTERNATIONAL STANDARD BOOK NUMBER |
| Canceled/invalid ISBN |
9781564848628 |
| Qualifying information |
(ePub) |
| 020 ## - INTERNATIONAL STANDARD BOOK NUMBER |
| Canceled/invalid ISBN |
9781564848635 |
| Qualifying information |
(mobi) |
| 035 ## - SYSTEM CONTROL NUMBER |
| System control number |
(OCoLC)1240728744 |
| 040 ## - CATALOGING SOURCE |
| Original cataloging agency |
MiFhGG |
| Language of cataloging |
eng |
| Transcribing agency |
MiFhGG |
| Description conventions |
rda |
| -- |
pn |
| 050 #4 - LIBRARY OF CONGRESS CALL NUMBER |
| Classification number |
QA76.27 |
| Item number |
.W38 2021 |
| 100 1# - MAIN ENTRY--PERSONAL NAME |
| Personal name |
Williams, Heidi, |
| Relator term |
author. |
| 245 10 - TITLE STATEMENT |
| Title |
No fear coding : |
| Remainder of title |
computational thinking across the K-5 curriculum / |
| Statement of responsibility, etc. |
Heidi Williams. |
| 250 ## - EDITION STATEMENT |
| Edition statement |
Second edition. |
| 264 #1 - PRODUCTION, PUBLICATION, DISTRIBUTION, MANUFACTURE, AND COPYRIGHT NOTICE |
| Place of production, publication, distribution, manufacture |
Portland : |
| Name of producer, publisher, distributor, manufacturer |
International Society for Technology in Education, |
| Date of production, publication, distribution, manufacture, or copyright notice |
[2021] |
| 264 #4 - PRODUCTION, PUBLICATION, DISTRIBUTION, MANUFACTURE, AND COPYRIGHT NOTICE |
| Date of production, publication, distribution, manufacture, or copyright notice |
�2021 |
| 300 ## - PHYSICAL DESCRIPTION |
| Extent |
1 online resource (viii, 168 pages) : |
| Other physical details |
illustrations |
| 336 ## - CONTENT TYPE |
| Content type term |
text |
| Content type code |
txt |
| Source |
rdacontent |
| 337 ## - MEDIA TYPE |
| Media type term |
computer |
| Media type code |
c |
| Source |
rdamedia |
| 338 ## - CARRIER TYPE |
| Carrier type term |
online resource |
| Carrier type code |
cr |
| Source |
rdacarrier |
| 490 0# - SERIES STATEMENT |
| Series statement |
Gale eBooks |
| 500 ## - GENERAL NOTE |
| General note |
First edition: 2017. |
| 504 ## - BIBLIOGRAPHY, ETC. NOTE |
| Bibliography, etc. note |
Includes bibliographical references and index. |
| 505 0# - FORMATTED CONTENTS NOTE |
| Formatted contents note |
part 1. Coding and computational thinking -- part 2. Engaging young coders with physical computing devices -- part 3. Coding with block-based programming languages -- part 4. Physical computing : coding and physical devices -- part 5. Coding and beyond. |
| 520 ## - SUMMARY, ETC. |
| Summary, etc. |
This book shows K-5 educators how to bring coding into their curriculum by embedding computational thinking skills into activities for every content area, helping students prepare for coding in middle grades as they build knowledge. Features classroom-tested lessons and activities designed for skills progression, ready-to-implement coding exercises, and case studies and explorations of technology tools and resources. This edition offers new research, updated tools and more. |
| 588 ## - SOURCE OF DESCRIPTION NOTE |
| Source of description note |
Description based on print version record. |
| 650 #0 - SUBJECT ADDED ENTRY--TOPICAL TERM |
| Topical term or geographic name entry element |
Computer science |
| General subdivision |
Study and teaching (Elementary) |
| 650 #0 - SUBJECT ADDED ENTRY--TOPICAL TERM |
| Topical term or geographic name entry element |
Computer programming |
| General subdivision |
Study and teaching (Elementary) |
| 710 2# - ADDED ENTRY--CORPORATE NAME |
| Corporate name or jurisdiction name as entry element |
Gale (Firm) |
| 776 08 - ADDITIONAL PHYSICAL FORM ENTRY |
| Relationship information |
Print version: |
| Title |
No fear coding. |
| Place, publisher, and date of publication |
Portland : International Society for Technology in Education, [2021] |
| International Standard Book Number |
9781564848659 |
| Record control number |
(DLC) 2020039668 |
| 856 40 - ELECTRONIC LOCATION AND ACCESS |
| Uniform Resource Identifier |
<a href="https://link.gale.com/apps/pub/60F0/GVRL?sid=gale_marc&u=phurs">https://link.gale.com/apps/pub/60F0/GVRL?sid=gale_marc&u=phurs</a> |
| Public note |
Available via Gale eBooks. Click here to access |
| 912 ## - |
| -- |
60F0 |
| 942 ## - ADDED ENTRY ELEMENTS (KOHA) |
| Source of classification or shelving scheme |
Library of Congress Classification |
| Koha item type |
E-Book |